000 00678nam a2200241Ia 4500
003 OSt
005 20220918184134.0
006 a|||||r|||| 00| 0
007 ta
008 220917b |||||||| |||| 00| 0 eng d
024 _a44,747
037 _cTextual
040 _aARTS
_cARTS
_beng
041 _2eng
_aeng
082 _aO111963xN6, K7
100 _aGordimer Nadine Ed.
_964673
245 0 _aSouth African writing today
260 _aMiddlesex
_bPenguin Books
_c1967
300 _a264p
_ccm.
700 _a Abrahams Lionel Ed.
_964674
942 _hO111963xN6, K7
_cTEXL
_2CC
999 _c175291
_d175291